The Muslim neighbours of Pakistan. (Record no. 66656)
[ view plain ]
| 000 -LEADER | |
|---|---|
| fixed length control field | 00647cam a22002291 4500 |
| 001 - CONTROL NUMBER | |
| control field | sa 65010261 |
| 003 - CONTROL NUMBER IDENTIFIER | |
| control field | DLC |
| 005 - DATE AND TIME OF LATEST TRANSACTION | |
| control field | 20260227112207.0 |
| 008 - FIXED-LENGTH DATA ELEMENTS--GENERAL INFORMATION | |
| fixed length control field | 781106s1950 pk abc b 001 0 eng |
| 010 ## - LIBRARY OF CONGRESS CONTROL NUMBER | |
| LC control number | sa 65010261 |
| 035 ## - SYSTEM CONTROL NUMBER | |
| System control number | (OCoLC)4347881 |
| 040 ## - CATALOGING SOURCE | |
| Original cataloging agency | DLC |
| Transcribing agency | OOxM |
| Modifying agency | DLC |
| 042 ## - AUTHENTICATION CODE | |
| Authentication code | premarc |
| 050 00 - LIBRARY OF CONGRESS CALL NUMBER | |
| Classification number | DS38 |
| Item number | .B65 |
| 100 1# - MAIN ENTRY--PERSONAL NAME | |
| Personal name | Brelvi, Mahmud, |
| Dates associated with a name | 1908- |
| 245 14 - TITLE STATEMENT | |
| Title | The Muslim neighbours of Pakistan. |
| 260 ## - PUBLICATION, DISTRIBUTION, ETC. | |
| Place of publication, distribution, etc. | Lahore, |
| Name of publisher, distributor, etc. | Ripon Printing Press |
| Date of publication, distribution, etc. | [1950] |
| 300 ## - PHYSICAL DESCRIPTION | |
| Extent | xiv, 276 p. |
| Other physical details | illus. (part col.) maps (1 fold.) ports. |
| Dimensions | 22 cm. |
| 504 ## - BIBLIOGRAPHY, ETC. NOTE | |
| Bibliography, etc. note | Bibliography: p. [xiii]-xiv. |
| 651 #0 - SUBJECT ADDED ENTRY--GEOGRAPHIC NAME | |
| Geographic name | Islamic countries. |
| 650 #0 - SUBJECT ADDED ENTRY--TOPICAL TERM | |
| Topical term or geographic name entry element | Muslims. |
No items available.